000 00541nam a2200229Ia 4500
003 OSt
005 20221005123210.0
006 a|||||r|||| 00| 0
007 ta
008 221004b |||||||| |||| 00| 0 per d
024 _a12590
037 _cTextual
040 _aCRL
_cCRL
_bper
041 _2per
_aper
082 _aO168,1L97x, C5
100 _aGhalib
245 0 _aKulliyat-e-nazm
260 _c1895
650 _aURDU POETRY
942 _hO168,1L97x, C5
_cTEXL
_2cc
999 _c1046700
_d1046700